Агропромышленный комплекс стран-членов СЭВ
| Автор: | |
|---|---|
| Резюме: | Исключено из фонда НТБ ТПУ |
| Мова: | Російська |
| Опубліковано: |
Львов, Вища школа, 1987
|
| Формат: | MixedMaterials Книга |
| KOHA link: | https://koha.lib.tpu.ru/cgi-bin/koha/opac-detail.pl?biblionumber=262433 |
MARC
| LEADER | 00000nam0a2200000 4500 | ||
|---|---|---|---|
| 001 | 262433 | ||
| 005 | 20231031222028.0 | ||
| 035 | |a (RuTPU)RU\TPU\book\285416 | ||
| 090 | |a 262433 | ||
| 100 | |a 20140602d1987 k y0rusy50 ca | ||
| 101 | 0 | |a rus | |
| 102 | |a UA | ||
| 105 | |a y z 001zy | ||
| 200 | 1 | |a Агропромышленный комплекс стран-членов СЭВ |f А. С. Передрий | |
| 210 | |a Львов |c Вища школа |d 1987 | ||
| 215 | |a 159 с. | ||
| 333 | |a Исключено из фонда НТБ ТПУ | ||
| 700 | 1 | |a Передрий |b А. С. |g Александр Самойлович | |
| 801 | 1 | |a RU |b 63413507 |c 20140602 | |
| 801 | 2 | |a RU |b 63413507 |c 20220314 |g RCR | |
| 942 | |c BK | ||